| 000 | 00655nam a2200217 a 4500 | ||
|---|---|---|---|
| 999 |
_c2654 _d2654 |
||
| 001 | 2654 | ||
| 003 | BD-JhCC | ||
| 005 | 20171105191358.0 | ||
| 008 | 171105s1965 b ||||| |||| 00| 0 ben d | ||
| 035 | _a(BD-JhCC)2654 | ||
| 040 |
_aBD-JhCC _dBD-JhCC |
||
| 041 | _aben | ||
| 082 |
_a891.443 _bVAT 1965 |
||
| 100 | _aভট্টাচার্য, নিমাই | ||
| 245 |
_aহকার্স কর্নার / _cনিমাই ভট্টাচার্য |
||
| 260 |
_aঢাকা : _bহযবরল প্রকাশনী, _c১৯৬৫ |
||
| 300 |
_a95 p. : _c22cm. |
||
| 650 | _aBengali Novel | ||
| 942 |
_2ddc _cBK |
||